00339pab a2200133 454500008004000000100002000040245004700060260000900107300001300116362001000129650002000139650001200159773003400171180718b2015 xxu||||| |||| 00| 0 eng d aRoy, Tirthankar aEconomic legacy of colonial rule revisited c2015 ap.75-78. a3 Oct aIndia - History aHistory aEconomic and Political Weekly